000 004430000a22001810004500
003 MACL
005 20150828112512.0
008 150828b xxu||||| |||| 00| 0 eng d
040 _aMACL
_cMACL
041 _aEnglish
082 _a750/SRI
100 _aSrivastava, R P
_97769
245 _aPunjab Paintings
260 _bAbhinav Publications
_c1983
_aNew Delhi
350 _a400
650 _aPainting & Pantings
_97770
942 _cBK
_k750
_2ddc
999 _c6038
_d6038